000 01282nam a22002777a 4500
999 _c6111
_d6111
003 AR-CdUCM
008 190313b ||||| |||| 00| 0 spa d
040 _aMUNICIPALIDAD PROVINCIAL DEL CUSCO
_cBIBLIOTECA MUNICIPAL DEL CUSCO
082 _a985.0191 /
_bC17
100 _aCalancha, Antonio de la
_917744
245 _aCrónica moralizada :
_bpáginas selectas /
260 _aLa Paz :
_bMinisterio de Educación, Bellas artes y asuntos indígenas :
_b[Artística],
_c1939.
300 _aXXVII, 224 páginas ;
_c20 cm.
440 _aBiblioteca Boliviana
_n : N° 1
_917745
500 _aDonación de la familia Nieto.
505 _aContenido : Notas sobre Fray de la Calancha -- Crónica moralizada -- Donde se dice, en que parte del mundo y en que reino esta la provincia de que se trata esta cronica ...
650 _aCrónicas - Perú
_917746
650 _aCronistas - Perú
_917747
650 _aIglesia Católica - Perú - Historia - Siglo XVI.
_917748
650 _aAgustinos - Perú - Historia - Siglo XVI.
_917749
650 _aAgustinos - Chile - Siglo XVI.
_917750
650 _aDescubrimiento y Conquista, 1522-1536 - Crónicas
_917751
710 _aMinisterio de Educación, Bellas artes y asuntos indígenas.
_917752
942 _2ddc
_cLIBROS
945 _alccs